<?xml version="1.0" encoding="UTF-8"?>
<record
    xmlns:xsi="http://www.w3.org/2001/XMLSchema-instance"
    xsi:schemaLocation="http://www.loc.gov/MARC21/slim http://www.loc.gov/standards/marcxml/schema/MARC21slim.xsd"
    xmlns="http://www.loc.gov/MARC21/slim">

  <leader>04492cam a22002774a 4500</leader>
  <controlfield tag="001">15793690</controlfield>
  <controlfield tag="003">OSt</controlfield>
  <controlfield tag="005">20210414114551.0</controlfield>
  <controlfield tag="008">090626s2009    enka     b    001 0 eng  </controlfield>
  <datafield tag="010" ind1=" " ind2=" ">
    <subfield code="a">  2009289281</subfield>
  </datafield>
  <datafield tag="020" ind1=" " ind2=" ">
    <subfield code="a">9780340947630</subfield>
  </datafield>
  <datafield tag="040" ind1=" " ind2=" ">
    <subfield code="a">DLC</subfield>
    <subfield code="c">DLC</subfield>
    <subfield code="d">DLC</subfield>
  </datafield>
  <datafield tag="050" ind1="0" ind2="0">
    <subfield code="a">RC440.P7295 </subfield>
  </datafield>
  <datafield tag="082" ind1="0" ind2="0">
    <subfield code="a">616.89/0231</subfield>
    <subfield code="2">22</subfield>
  </datafield>
  <datafield tag="245" ind1="0" ind2="0">
    <subfield code="a">Psychiatric and mental health nursing: </subfield>
    <subfield code="c">edited by Phil Barker.</subfield>
    <subfield code="b">the craft of caring. /</subfield>
  </datafield>
  <datafield tag="250" ind1=" " ind2=" ">
    <subfield code="a">2nd ed.</subfield>
  </datafield>
  <datafield tag="260" ind1=" " ind2=" ">
    <subfield code="a">London :</subfield>
    <subfield code="b">CRS Press ;</subfield>
    <subfield code="c">2008.</subfield>
  </datafield>
  <datafield tag="300" ind1=" " ind2=" ">
    <subfield code="a">xv, 757 p. :</subfield>
    <subfield code="b">ill. ;</subfield>
    <subfield code="c">28 cm.</subfield>
  </datafield>
  <datafield tag="500" ind1=" " ind2=" ">
    <subfield code="a">Includes bibliographical references and index.</subfield>
  </datafield>
  <datafield tag="505" ind1=" " ind2=" ">
    <subfield code="a">Contents: The Need for nursing: The Nature of nursing -- Getting personal: being human in mental health care -- The Care and confinement of the mentally ill -- Evidence-based practice in mental health -- The Craft of psychiatric-mental health nursing practice -- Leading developments n the craft of caring -- Recovery: a personal perspective -- Recovery and reclamation: a pilgrimage in understanding who and what we are -- Assessment in practice: Assessment: the foundation of practice -- Assessment methods -- The Craft of interviewing -- Developing collaborative assessment -- The Context of family assessment -- The Assessment of feelings, thoughts and beliefs -- The Structure of care: Psychiatric diagnosis -- Psychiatric diagnosis: living the experience -- Nursing diagnosis -- Collaboration with patients and families -- Specific needs for nursing: The Person who experiences depression -- The Person who is suicidal -- The Person who self-harms -- The Person who hears disturbing voices -- The Person who experiences disturbing beliefs -- The Person with a diagnosis of schizophrenia -- The Person who appears aggressive or violent -- The Person with a diagnosis of bipolar disorder -- The Person with a diagnosis of personality disorder -- The Person who experiences mental health and substance use problems -- The Person who appears paranoid or suspicious -- The Person with experience of sexual abuse -- The Person with an eating disorder -- The Person who is homeless --  The Person with dementia -- The Person with a diagnosis of autism -- Some models of therapeutic practice: Developing therapeutic one-to-one relationships -- Developing empathy -- Groupwork with children and adolescents -- Psychodynamic approaches with individuals -- Psychodynamic approaches to working in groups -- Using counselling approaches -- Bereavement and grief counselling -- Cognitive-behavioural therapy -- Using solution-focused approaches -- Mindfulness -- Therapeutic communities -- The Organization of care: The Acute care setting -- The Psychiatric intensive care unit: coercion, control or care -- Mental health nursing in community care -- Crisis assessment and resolution -- Assertive outreach -- Family support: growing the family support network -- The Liaison psychiatric service -- Services for people requiring secure forms of care: a global problem -- Services for children and young people -- Services for older people with mental health conditions -- Early interventions in psychosis -- Services for women -- Services for asylum seekers and refugees -- Some standardized processes of nursing practice: Admission to a psychiatric unit -- Assessing risk of suicide and self-harm -- Engagement and observation of people at risk -- Record-keeping -- Discharge planning -- The Nurse's role in the administration of electroconvulsive therapy -- Mental health promotion and prevention -- Mental health nurse prescribing -- Legal, ethical and moral issues: Mental health, the law and human rights -- Ethics and nursing -- Sexuality and gender -- Freedom and consent -- Providing culturally safe care -- Spirituality, nursing and mental health -- The Development of mental health nursing: Clinical supervision -- The Possibility of genuine mental health nursing -- Building practice from research -- Reclamation: beyond recovery -- The Future of psychiatric and mental health nursing in context: The United Kingdom context -- The European context -- The Japanese context -- The United States context -- The Canadian context -- The Australian and New Zealand context -- The Politics of caring.</subfield>
  </datafield>
  <datafield tag="650" ind1=" " ind2="0">
    <subfield code="a">Psychiatric nursing.</subfield>
  </datafield>
  <datafield tag="700" ind1="1" ind2=" ">
    <subfield code="a">Barker, Philip J.</subfield>
  </datafield>
  <datafield tag="906" ind1=" " ind2=" ">
    <subfield code="a">7</subfield>
    <subfield code="b">cbc</subfield>
    <subfield code="c">origcop</subfield>
    <subfield code="d">2</subfield>
    <subfield code="e">ncip</subfield>
    <subfield code="f">20</subfield>
    <subfield code="g">y-gencatlg</subfield>
  </datafield>
  <datafield tag="942" ind1=" " ind2=" ">
    <subfield code="2">lcc</subfield>
    <subfield code="c">BK</subfield>
  </datafield>
  <datafield tag="999" ind1=" " ind2=" ">
    <subfield code="c">6452</subfield>
    <subfield code="d">13952</subfield>
  </datafield>
  <datafield tag="952" ind1=" " ind2=" ">
    <subfield code="0">0</subfield>
    <subfield code="1">0</subfield>
    <subfield code="2">lcc</subfield>
    <subfield code="4">0</subfield>
    <subfield code="7">0</subfield>
    <subfield code="8">NFIC</subfield>
    <subfield code="a">WIUC-1</subfield>
    <subfield code="b">WIUC-1</subfield>
    <subfield code="c">NURS L.</subfield>
    <subfield code="d">2017-08-15</subfield>
    <subfield code="l">0</subfield>
    <subfield code="o">RC440.P7295</subfield>
    <subfield code="p">NURS/320/17</subfield>
    <subfield code="r">2017-08-15 00:00:00</subfield>
    <subfield code="t">1</subfield>
    <subfield code="w">2017-08-15</subfield>
    <subfield code="y">BK</subfield>
  </datafield>
  <datafield tag="952" ind1=" " ind2=" ">
    <subfield code="0">0</subfield>
    <subfield code="1">0</subfield>
    <subfield code="2">lcc</subfield>
    <subfield code="4">0</subfield>
    <subfield code="7">0</subfield>
    <subfield code="8">NFIC</subfield>
    <subfield code="a">WIUC-1</subfield>
    <subfield code="b">WIUC-1</subfield>
    <subfield code="c">NURS L.</subfield>
    <subfield code="d">2017-08-15</subfield>
    <subfield code="l">0</subfield>
    <subfield code="o">RC440.P72951</subfield>
    <subfield code="p">NURS/321/17</subfield>
    <subfield code="r">2017-08-15 00:00:00</subfield>
    <subfield code="t">2</subfield>
    <subfield code="w">2017-08-15</subfield>
    <subfield code="y">BK</subfield>
  </datafield>
</record>
